<?xml version="1.0" encoding="UTF-8"?>
<record
    xmlns:xsi="http://www.w3.org/2001/XMLSchema-instance"
    xsi:schemaLocation="http://www.loc.gov/MARC21/slim http://www.loc.gov/standards/marcxml/schema/MARC21slim.xsd"
    xmlns="http://www.loc.gov/MARC21/slim">

  <leader>00992cam a2200313 a 4500</leader>
  <controlfield tag="005">20240522131206.0</controlfield>
  <controlfield tag="008">100322s2007||||sp a   f |||| 00| 0 spa d</controlfield>
  <datafield tag="020" ind1=" " ind2=" ">
    <subfield code="a">9788445817599</subfield>
  </datafield>
  <datafield tag="041" ind1=" " ind2=" ">
    <subfield code="a">spa</subfield>
  </datafield>
  <datafield tag="092" ind1=" " ind2=" ">
    <subfield code="c">611.022</subfield>
    <subfield code="s">55</subfield>
    <subfield code="l">NET</subfield>
  </datafield>
  <datafield tag="100" ind1="1" ind2=" ">
    <subfield code="a">Netter, Frank H.</subfield>
    <subfield code="9">147</subfield>
  </datafield>
  <datafield tag="245" ind1=" " ind2=" ">
    <subfield code="a">Atlas de Anatom&#xED;a Humana /  </subfield>
    <subfield code="c">Frank H. Netter.</subfield>
  </datafield>
  <datafield tag="250" ind1=" " ind2=" ">
    <subfield code="a">4a ed. reimp. versi&#xF3;n en espa&#xF1;ol de la obra original en ingl&#xE9;s</subfield>
    <subfield code="b">Traducci&#xF3;n Victor G&#xF6;tzens Garc&#xED;a</subfield>
  </datafield>
  <datafield tag="260" ind1=" " ind2=" ">
    <subfield code="a">Barcelona: </subfield>
    <subfield code="b">Elsevier ; Masson;</subfield>
    <subfield code="c">2007.</subfield>
  </datafield>
  <datafield tag="300" ind1=" " ind2=" ">
    <subfield code="a">548 p.</subfield>
    <subfield code="b">il.</subfield>
  </datafield>
  <datafield tag="500" ind1=" " ind2=" ">
    <subfield code="a">Netter, F. H. (2007). Atlas de anatom&#xED;a humana. (4a ed.). Barcelona : Elsevier ; Masson. </subfield>
  </datafield>
  <datafield tag="590" ind1=" " ind2=" ">
    <subfield code="a">Donaci&#xF3;n CEM, Marzo 2009</subfield>
  </datafield>
  <datafield tag="653" ind1=" " ind2=" ">
    <subfield code="a">Cabeza y cuello</subfield>
  </datafield>
  <datafield tag="653" ind1=" " ind2=" ">
    <subfield code="a">Dorso y m&#xE9;dula espinal</subfield>
  </datafield>
  <datafield tag="653" ind1=" " ind2=" ">
    <subfield code="a">T&#xF3;rax</subfield>
  </datafield>
  <datafield tag="653" ind1=" " ind2=" ">
    <subfield code="a">Abdomen</subfield>
  </datafield>
  <datafield tag="653" ind1=" " ind2=" ">
    <subfield code="a">Pelvis y perin&#xE9;</subfield>
  </datafield>
  <datafield tag="653" ind1=" " ind2=" ">
    <subfield code="a">Miembro superior</subfield>
  </datafield>
  <datafield tag="653" ind1=" " ind2=" ">
    <subfield code="a">Miembro inferior</subfield>
  </datafield>
  <datafield tag="653" ind1=" " ind2=" ">
    <subfield code="a">Anatom&#xED;a seccional</subfield>
  </datafield>
  <datafield tag="930" ind1=" " ind2=" ">
    <subfield code="a">1975</subfield>
  </datafield>
  <datafield tag="930" ind1=" " ind2=" ">
    <subfield code="a">1976</subfield>
  </datafield>
  <datafield tag="942" ind1=" " ind2=" ">
    <subfield code="2">ddc</subfield>
    <subfield code="c">BK</subfield>
    <subfield code="0">1</subfield>
  </datafield>
  <datafield tag="999" ind1=" " ind2=" ">
    <subfield code="c">164</subfield>
    <subfield code="d">164</subfield>
  </datafield>
  <datafield tag="952" ind1=" " ind2=" ">
    <subfield code="0">0</subfield>
    <subfield code="1">0</subfield>
    <subfield code="2">ddc</subfield>
    <subfield code="4">0</subfield>
    <subfield code="7">0</subfield>
    <subfield code="a">BFM</subfield>
    <subfield code="b">BFM</subfield>
    <subfield code="c">CR</subfield>
    <subfield code="d">2011-05-13</subfield>
    <subfield code="l">249</subfield>
    <subfield code="m">8</subfield>
    <subfield code="o">611.022 55 NET</subfield>
    <subfield code="p">1975</subfield>
    <subfield code="r">2024-04-30</subfield>
    <subfield code="s">2024-04-23</subfield>
    <subfield code="t">ej.14</subfield>
    <subfield code="w">2011-05-13</subfield>
    <subfield code="y">BK</subfield>
  </datafield>
  <datafield tag="952" ind1=" " ind2=" ">
    <subfield code="0">0</subfield>
    <subfield code="1">0</subfield>
    <subfield code="2">ddc</subfield>
    <subfield code="4">0</subfield>
    <subfield code="7">0</subfield>
    <subfield code="a">BFM</subfield>
    <subfield code="b">BFM</subfield>
    <subfield code="c">CR</subfield>
    <subfield code="d">2011-05-13</subfield>
    <subfield code="l">266</subfield>
    <subfield code="m">9</subfield>
    <subfield code="o">611.022 55 NET</subfield>
    <subfield code="p">1976</subfield>
    <subfield code="r">2024-10-07</subfield>
    <subfield code="s">2024-09-17</subfield>
    <subfield code="t">ej.15</subfield>
    <subfield code="w">2011-05-13</subfield>
    <subfield code="y">BK</subfield>
  </datafield>
  <datafield tag="952" ind1=" " ind2=" ">
    <subfield code="0">0</subfield>
    <subfield code="1">0</subfield>
    <subfield code="2">ddc</subfield>
    <subfield code="4">0</subfield>
    <subfield code="7">0</subfield>
    <subfield code="a">BFM</subfield>
    <subfield code="b">BFM</subfield>
    <subfield code="c">CR</subfield>
    <subfield code="d">2022-09-06</subfield>
    <subfield code="e">Donaci&#xF3;n Toloza, Daniela; septiembre 2022.</subfield>
    <subfield code="l">8</subfield>
    <subfield code="m">2</subfield>
    <subfield code="o">611.022 55 NET</subfield>
    <subfield code="p">4787</subfield>
    <subfield code="r">2025-04-30</subfield>
    <subfield code="s">2025-04-15</subfield>
    <subfield code="t">Ej.32</subfield>
    <subfield code="w">2022-09-06</subfield>
    <subfield code="y">BK</subfield>
    <subfield code="z">Donaci&#xF3;n Toloza, Daniela; septiembre 2022.</subfield>
    <subfield code="f"></subfield>
  </datafield>
  <datafield tag="952" ind1=" " ind2=" ">
    <subfield code="0">0</subfield>
    <subfield code="1">0</subfield>
    <subfield code="2">ddc</subfield>
    <subfield code="4">0</subfield>
    <subfield code="7">0</subfield>
    <subfield code="a">BFM</subfield>
    <subfield code="b">BFM</subfield>
    <subfield code="c">CR</subfield>
    <subfield code="d">2023-11-09</subfield>
    <subfield code="e">Donaci&#xF3;n Olivia Ciruzzi, Noviembre 2023</subfield>
    <subfield code="l">4</subfield>
    <subfield code="o">611.022 55 NET</subfield>
    <subfield code="p">4880</subfield>
    <subfield code="r">2024-05-02</subfield>
    <subfield code="s">2024-04-25</subfield>
    <subfield code="t">Ej.33</subfield>
    <subfield code="w">2023-11-09</subfield>
    <subfield code="y">BK</subfield>
    <subfield code="z">Donaci&#xF3;n Olivia Ciruzzi, Noviembre 2023</subfield>
    <subfield code="f"></subfield>
  </datafield>
  <datafield tag="952" ind1=" " ind2=" ">
    <subfield code="0">0</subfield>
    <subfield code="1">0</subfield>
    <subfield code="2">ddc</subfield>
    <subfield code="4">0</subfield>
    <subfield code="7">0</subfield>
    <subfield code="8">NFIC</subfield>
    <subfield code="a">BFM</subfield>
    <subfield code="b">BFM</subfield>
    <subfield code="c">CR</subfield>
    <subfield code="d">2026-02-19</subfield>
    <subfield code="e">Donacion Veronica Castro</subfield>
    <subfield code="l">0</subfield>
    <subfield code="o">611.022 55 NET</subfield>
    <subfield code="p">5145</subfield>
    <subfield code="r">2026-02-20</subfield>
    <subfield code="t">Ej. 34</subfield>
    <subfield code="w">2026-02-20</subfield>
    <subfield code="y">BK</subfield>
    <subfield code="z">Donacion Veronica Castro</subfield>
    <subfield code="f"></subfield>
  </datafield>
</record>
